000 00489nmm a2200169Ia 4500
008 251105s9999||||xx |||||||||||||||||und||
020 _a9788446029342
041 _aspa
100 _aHugo, Víctor
245 0 _aEl último día de un condenado a muerte. Claude Geaux
264 _a[Madrid, España] :
_bAkal,
_c2018
300 _a224 páginas
490 _aBásica de Bolsillo
650 _aFrench narrative
856 _uhttps://public.digitaliapublishing.com/a/52409
942 _cCF
999 _c82862
_d82862